Представление документа в формате MARC21

ПолеНазваниеЗначение
  Тип записи a
  Библиографический уровень m
001 Контрольный номер RU/URAIT/590618
005 Дата корректировки 20260429163700.6
008 Кодируемые данные 260429s2026 RU y f j 000 0 rus u
020 Индекс ISBN __
a ISBN 978-5-534-20886-3
c Цена, тираж 2239.00
040 Источник каталогиз. __
a Служба первич. каталог. ИКО Юрайт
c Служба, преобразующая запись ИКО Юрайт
e Правила каталог. RCR
041 Код языка издания __
a Код языка текста rus
044 Код страны публикации __
a Код страны публикации RU
080 Индекс УДК __
a Индекс УДК 615(075.8)
084 Индекс другой классификации/Индекс ББК __
2 Источник индекса rubbk
a Индекс другой классификации/Индекс ББК 52.81я73
100 Автор __
a Автор Коноплева Е. В.
q Полное имя Коноплева Елена Витальевна
245 Заглавие __
a Заглавие Фармакология
b Продолж. заглавия учебник для вузов
c Ответственность Е. В. Коноплева.
250 Сведения об издании __
g испр. и доп
a Основные сведения об издании 4-е изд.
256 Характеристики компьютерного файла __
a Характеристики компьютерного файла Электрон. дан.
260 Выходные данные __
a Место издания Москва
b Издательство Юрайт
c Дата издания 2026
300 Физическое описание __
a Объем 434 с
440 Серия __
a Серия Высшее образование
500 Примечания __
a Примечание URL: https://urait.ru/bcode/590618 (дата обращения: 29.04.2026).
520 Аннотация __
a Аннотация Изложены вопросы общей и частной фармакологии. Приведены характеристики основных групп лекарственных препаратов: особенности химического строения, фармакологические аффекты, механизм действия, показания к применению, побочные эффекты, противопоказания. Соответствует актуальным требованиям федерального государственного образовательного стандарта высшего образования. Для студентов высших медицинских и фармацевтических учебных заведений, получающих первое или второе высшее образование, провизоров, врачей общей практики (семейных врачей) и врачей других специальностей.
538 Прим. о системных особенностях __
a Прим. о системных особенностях Режим доступа: Электронно-библиотечная система Юрайт, для авториз. пользователей
653 Ключевые слова __
a Ключевые слова Фармакология и медицинская химия
653 Ключевые слова __
a Ключевые слова Медицина и фармакология
653 Ключевые слова __
a Ключевые слова Высшая математика
653 Ключевые слова __
a Ключевые слова Клиническая фармакология
653 Ключевые слова __
a Ключевые слова Молекулярная фармакология
653 Ключевые слова __
a Ключевые слова Психофармакология
653 Ключевые слова __
a Ключевые слова Фармакология
653 Ключевые слова __
a Ключевые слова Основы фармакологии
653 Ключевые слова __
a Ключевые слова Введение в фармакологию
653 Ключевые слова __
a Ключевые слова Лекарственные средства, влияющие на сердечно-сосудистую систему
653 Ключевые слова __
a Ключевые слова Фармакология веществ, вызывающих зависимость
653 Ключевые слова __
a Ключевые слова Фармакология гормональных препаратов
653 Ключевые слова __
a Ключевые слова Фармация
653 Ключевые слова __
a Ключевые слова Основы клинической фармакологии
653 Ключевые слова __
a Ключевые слова Вопросы фармакологии
653 Ключевые слова __
a Ключевые слова Основы фармации
653 Ключевые слова __
a Ключевые слова Фармакология лекарственных препаратов
653 Ключевые слова __
a Ключевые слова Полная Фармакология
653 Ключевые слова __
a Ключевые слова Фармакология. Общие вопросы
653 Ключевые слова __
a Ключевые слова Фармакологические основы действия лекарственных средств
653 Ключевые слова __
a Ключевые слова Фундаментальная фармакология
856 Электронный адрес документа 40
n Местонахождение сервера Юрайт
g Электронная книга
q Тип электронного формата html
h Имя пользователя ЮРАЙТ
v Часы доступа к ресурсу 20271231
2 Способ доступа Показать документ
x Служебное примечание https://urait.ru/book/cover/CF7CF6B2-348C-4BD6-9C24-87286BA7EB82
u URL https://urait.ru/bcode/590618
856 Электронный адрес документа 48
q Тип электронного формата cover
u URL https://urait.ru/book/cover/CF7CF6B2-348C-4BD6-9C24-87286BA7EB82
911 __
u 0030=https://urait.ru/bcode/590618
911 __
u 073a=9785534208863
u 073d=2239.00
911 __
u 106a=s
911 __
u 900l=
952 Тип литературы __
i Дисциплина Высшая математика
952 Тип литературы __
i Дисциплина Клиническая фармакология
952 Тип литературы __
i Дисциплина Молекулярная фармакология
952 Тип литературы __
i Дисциплина Психофармакология
952 Тип литературы __
i Дисциплина Фармакология
952 Тип литературы __
i Дисциплина Основы фармакологии
952 Тип литературы __
i Дисциплина Введение в фармакологию
952 Тип литературы __
i Дисциплина Лекарственные средства, влияющие на сердечно-сосудистую систему
952 Тип литературы __
i Дисциплина Фармакология веществ, вызывающих зависимость
952 Тип литературы __
i Дисциплина Фармакология гормональных препаратов
952 Тип литературы __
i Дисциплина Фармация
952 Тип литературы __
i Дисциплина Основы клинической фармакологии
952 Тип литературы __
i Дисциплина Вопросы фармакологии
952 Тип литературы __
i Дисциплина Основы фармации
952 Тип литературы __
i Дисциплина Фармакология лекарственных препаратов
952 Тип литературы __
i Дисциплина Полная Фармакология
952 Тип литературы __
i Дисциплина Фармакология. Общие вопросы
952 Тип литературы __
i Дисциплина Фармакологические основы действия лекарственных средств
952 Тип литературы __
i Дисциплина Фундаментальная фармакология